LEADER 01823oam 2200421I 450 001 9910707830203321 005 20170112123506.0 035 $a(CKB)5470000002468259 035 $a(OCoLC)964249231 035 $a(EXLCZ)995470000002468259 100 $a20161124d2016 ua 0 101 0 $aeng 135 $aurmn||||a|||| 181 $ctxt$2rdacontent 182 $cc$2rdamedia 183 $acr$2rdacarrier 200 10$aArmy Pacific Pathways, comprehensive assessment and planning needed to capture benefits relative to costs and enhance value for participating units : report to congressional committees 210 1$a[Washington, D.C.] :$cUnited States Government Accountability Office,$d2016. 215 $a1 online resource (ii, 53 pages) $ccolor illustrations, color maps 300 $a"November 2016." 300 $a"GAO-17-126." 300 $a"Revised November 30, 2016 to add additional language to the highlights page from the body of the report, in order to provide more context about the costs of Pacific Pathways." 320 $aIncludes bibliographical references. 517 $aArmy Pacific Pathways, comprehensive assessment and planning needed to capture benefits relative to costs and enhance value for participating units 606 $aMilitary planning$zUnited States 606 $aCost effectiveness 615 0$aMilitary planning 615 0$aCost effectiveness. 701 $aRussell$b Cary$01406893 801 0$bDID 801 1$bDID 801 2$bGPO 801 2$bOCLCO 801 2$bGPO 906 $aBOOK 912 $a9910707830203321 996 $aArmy Pacific Pathways, comprehensive assessment and planning needed to capture benefits relative to costs and enhance value for participating units : report to congressional committees$93486907 997 $aUNINA LEADER 03520oas 2201309 a 450 001 9910147204003321 005 20251105213014.0 011 $a1876-7621 035 $a(DE-599)ZDB2422358-X 035 $a(DE-599)2422358-X 035 $a(OCoLC)225987051 035 $a(CONSER) 2008233326 035 $a(CKB)1000000000295008 035 $a(EXLCZ)991000000000295008 100 $a20080423a20089999 sy 101 0 $aeng 135 $aur||||||||||| 181 $ctxt$2rdacontent 182 $cc$2rdamedia 183 $acr$2rdacarrier 200 00$aDiagnostic histopathology 210 $a[Oxford] $cElsevier$d2008- 215 $a1 online resource 300 $aRefereed/Peer-reviewed 311 08$a1756-2317 606 $aHistology, Pathological$vPeriodicals 606 $aCytodiagnosis$vPeriodicals 606 $aDiagnosis, Laboratory$vPeriodicals 606 $aPathology$vPeriodicals 606 $aHistology$xTechnique$vPeriodicals 606 $aCytodiagnosis 606 $aHistology 606 $aHistology$xTechnique 606 $aCytodiagnosis 606 $aHistology 606 $aHistological Techniques 606 $aPathology 606 $aHistopathologie$vPe?riodiques 606 $aPathologie$vPe?riodiques 606 $aCytodiagnostics$vPe?riodiques 606 $aDiagnostics biologiques$vPe?riodiques 606 $aHistologie$xTechnique$vPe?riodiques 606 $aCytodiagnostics 606 $aHistologie 606 $aHistologie$xTechnique 606 $aHistology$xTechnique$2fast$3(OCoLC)fst00957674 606 $aHistology$2fast$3(OCoLC)fst00957668 606 $aCytodiagnosis$2fast$3(OCoLC)fst00886255 606 $aDiagnosis, Laboratory$2fast$3(OCoLC)fst00892307 606 $aHistology, Pathological$2fast$3(OCoLC)fst00957675 606 $aPathology$2fast$3(OCoLC)fst01054964 608 $aPeriodicals.$2fast 608 $aPeriodicals.$2lcgft 615 0$aHistology, Pathological 615 0$aCytodiagnosis 615 0$aDiagnosis, Laboratory 615 0$aPathology 615 0$aHistology$xTechnique 615 0$aCytodiagnosis. 615 0$aHistology. 615 0$aHistology$xTechnique. 615 12$aCytodiagnosis. 615 12$aHistology. 615 22$aHistological Techniques. 615 22$aPathology. 615 6$aHistopathologie 615 6$aPathologie 615 6$aCytodiagnostics 615 6$aDiagnostics biologiques 615 6$aHistologie$xTechnique 615 6$aCytodiagnostics. 615 6$aHistologie. 615 6$aHistologie$xTechnique. 615 7$aHistology$xTechnique. 615 7$aHistology. 615 7$aCytodiagnosis. 615 7$aDiagnosis, Laboratory. 615 7$aHistology, Pathological. 615 7$aPathology. 676 $a616.07/582 801 0$bHNK 801 1$bHNK 801 2$bHNK 801 2$bGUA 801 2$bMUQ 801 2$bHNK 801 2$bTXA 801 2$bCUS 801 2$bOCLCQ 801 2$bOPELS 801 2$bOCLCF 801 2$bOCLCO 801 2$bOCLCQ 801 2$bNLE 801 2$bFQM 801 2$bUKMGB 801 2$bVT2 801 2$bU3W 801 2$bNJT 801 2$bCUS 801 2$bOCLCO 801 2$bCASUM 801 2$bOCLCO 801 2$bOCLCQ 801 2$bOCL 801 2$bOCLCQ 801 2$bOCLCL 801 2$bOCLCQ 906 $aJOURNAL 912 $a9910147204003321 996 $aDiagnostic histopathology$91899254 997 $aUNINA